Hijos de hombres / (Record no. 11708)

MARC details
000 -LEADER
campo de control de longitud fija 00741nam a22002655i 4500
001 - NÚMERO DE CONTROL
campo de control 11708
003 - IDENTIFICADOR DE NÚMERO DE CONTROL
campo de control ES-MaACL
005 - FECHA Y HORA DE LA ÚLTIMA TRANSACCIÓN
campo de control 20230906150145.0
007 - CAMPO FIJO DE DESCRIPCIÓN FÍSICA--INFORMACIÓN GENERAL
campo de control de longitud fija t|
008 - DATOS DE LONGITUD FIJA--INFORMACIÓN GENERAL
campo de control de longitud fija 930114s1992 sp ||||0| spa j
020 ## - NÚMERO INTERNACIONAL ESTÁNDAR DEL LIBRO
Número Internacional Estándar del Libro 84-406-3276-2
040 ## - FUENTE DE CATALOGACIÓN
Centro catalogador/agencia de origen M-BN
Lengua de catalogación spa
Centro/agencia transcriptor M-BN
080 ## - NÚMERO DE LA CLASIFICACIÓN DECIMAL UNIVERSAL
Número de la Clasificación Decimal Universal 820-31"19"
100 1# - ENTRADA PRINCIPAL--NOMBRE DE PERSONA
Nombre de persona James, P. D. (
Fechas asociadas al nombre 1920-2014)
9 (RLIN) 160194
245 10 - MENCIÓN DEL TÍTULO
Título Hijos de hombres /
Mención de responsabilidad, etc. P.D. James ; traducción, Jordi Mustieles.
250 ## - MENCION DE EDICION
Mención de edición [1ª ed.].
260 ## - PUBLICACIÓN, DISTRIBUCIÓN, ETC.
Lugar de publicación, distribución, etc. Barcelona :
Nombre del editor, distribuidor, etc. Ediciones B,
Fecha de publicación, distribución, etc. 1992.
300 ## - DESCRIPCIÓN FÍSICA
Extensión 314 p ;
Dimensiones 22 cm.
490 1# - MENCIÓN DE SERIE
Mención de serie Tiempos modernos
700 1# - ENTRADA AGREGADA--NOMBRE PERSONAL
Nombre de persona Mustieles, Jorge Luis.
9 (RLIN) 84713
830 0# - PUNTO DE ACCESO ADICIONAL DE SERIE-TÍTULO UNIFORME
Título uniforme Tiempos modernos
9 (RLIN) 178583
852 ## - LOCALIZACIÓN
Ubicación ES-MaACL
Número de control de estantería L-18997
Sublocalización o colección R.123139
Holdings
Estatus retirado Estado de pérdida Estado de daño No para préstamo Biblioteca de origen Biblioteca actual Ubicación en estantería Fecha de adquisición Fuente de adquisición Total de préstamos Signatura topográfica completa Código de barras Visto por última vez Precio de reemplazo Tipo de ítem Koha
        Biblioteca del Ateneo de Madrid Biblioteca del Ateneo de Madrid Depósito 2 17/01/2008     L-18997 1011933 23/02/2023 23/02/2023 Libro impreso